| 000 | 00790cam a22002415a 4500 | ||
|---|---|---|---|
| 001 | 18244898 | ||
| 005 | 20151222102822.0 | ||
| 008 | 140728t2015 maua frb 000 0 eng d | ||
| 020 | _a9780128014769 | ||
| 040 |
_aDLC _beng _cDLC _dEG-ScBUE |
||
| 082 | 0 | 4 |
_222 _bTIA _a004.6782 |
| 100 | 1 |
_aTian, Wenhong. _938955 |
|
| 245 | 1 | 0 |
_aOptimized cloud resource management and scheduling : _btheory and practices / _cWenhong Tian, Yong Zhao. |
| 260 |
_aWaltham : _bMorgan Kaufmann / Elsevier, _cc.2015. |
||
| 300 |
_axiii, 266 p. : _bill. ; _c24 cm. |
||
| 504 | _aIncludes bibliographical references. | ||
| 650 | 7 |
_2BUEsh _937309 _aCloud computing. |
|
| 650 | 0 |
_aComputer scheduling _2BUEsh |
|
| 651 | _2BUEsh | ||
| 653 |
_bCOMSCI _cJuly2015 _cDecember2015 |
||
| 700 | _aZhao, Yong. | ||
| 942 | _2ddc | ||
| 999 |
_c20354 _d20326 |
||